Mythes et réalités de l'identité culturelle africaine /
L'idée d'une nécessaire renaissance noire, en ce nouveau millénaire, fait à nouveau débat. Jusqu'où le rapprochement entre cultures africaines et cultures noires est-il valide ? Quelle pertinence renferme la distinction Afrique noire, Afrique blanche ? L'unité culturelle noire es...
Saved in:
| Main Author: | |
|---|---|
| Format: | Book |
| Language: | French |
| Published: |
Paris :
L'Harmattan,
c2005.
|
| Series: | Pensée africaine.
|
| Subjects: | |
| Tags: |
Add Tag
No Tags, Be the first to tag this record!
|
| LEADER | 01543nam a22003374a 4500 | ||
|---|---|---|---|
| 001 | 009896809-2 | ||
| 005 | 20141001072350.0 | ||
| 008 | 060207s2005 fr b 000 0 fre | ||
| 010 | |a 2006422720 | ||
| 020 | |a 2296000789 | ||
| 035 | 0 | |a ocm64167654 | |
| 040 | |a DLC |c DLC | ||
| 042 | |a pcc | ||
| 043 | |a f------ | ||
| 050 | 0 | 0 | |a PL8010 |b .M36 2005 |
| 100 | 1 | |a Mbem, André Julien, |d 1972- | |
| 245 | 1 | 0 | |a Mythes et réalités de l'identité culturelle africaine / |c André Julien Mbem. |
| 260 | |a Paris : |b L'Harmattan, |c c2005. | ||
| 300 | |a 170 p. ; |c 22 cm. | ||
| 490 | 1 | |a Pensée africaine | |
| 504 | |a Includes bibliographical references. | ||
| 520 | |a L'idée d'une nécessaire renaissance noire, en ce nouveau millénaire, fait à nouveau débat. Jusqu'où le rapprochement entre cultures africaines et cultures noires est-il valide ? Quelle pertinence renferme la distinction Afrique noire, Afrique blanche ? L'unité culturelle noire est-elle un mythe ou une réalité ? L'auteur explore, à la lumière de la vérité historique, les déclinaisons majeures du discours sur l'identité culturelle noire et les stratégies d'affirmation politique qui en découlent en Afrique et au sein des diasporas noires. | ||
| 650 | 0 | |a African literature |x History and criticism. | |
| 650 | 0 | |a Nationalism and literature |z Africa. | |
| 650 | 0 | |a Africans |x Ethnic identity. | |
| 650 | 0 | |a Ethnicity in literature. | |
| 650 | 0 | |a African diaspora. | |
| 730 | 0 | |a Harmatheque. |5 net | |
| 830 | 0 | |a Pensée africaine. | |
| 988 | |a 20060322 | ||
| 906 | |0 DLC | ||


